Statistiken für Alle Harry Potter Charaktere

Klicken Sie hier um das Quiz zu spielen!

Allgemein

  • Dieses Quiz wurde 7.415 mal gespielt
    (6.899 seit der letzten Aktualisierung)
  • Das Durchschnittsergebnis liegt bei 46 aus 181

Antwortstatistiken

Antwort% Korrekt
125Harry Potter
99%
70Hermione Granger
90%
177Ron Weasley
86%
172Fred Weasley
79%
166Lord Voldemort
78%
174Ginny Weasley
77%
126James Potter
77%
99Draco Malfoy
76%
173George Weasley
76%
45Albus Dumbledore
75%
150Severus Snape
74%
76Rubeus Hagrid
73%
9Sirius Black
73%
127Lily Potter
70%
175Molly Weasley
70%
6Katie Bell
69%
100Lucius Malfoy
69%
97Remus Lupin
69%
95Luna Lovegood
67%
169Arthur Weasley
63%
94Neville Longbottom
62%
87Bellatrix Lestrange
60%
170Bill Weasley
60%
156Tom der Wirt
60%
176Percy Weasley
59%
101Narcissa Malfoy
57%
110Alastor Moody
56%
162Dolores Umbridge
55%
105Minerva McGonagall
54%
158Nymphadora Tonks
54%
19Cho Chang
53%
49Dudley Dursley
53%
121Peter Pettigrew
53%
40Cedric Diggory
52%
84Viktor Krum
52%
51Petunia Dursley
51%
135Tom Riddle Sr
51%
171Charlie Weasley
50%
52Vernon Dursley
48%
34Fleur Delacour
46%
68Goyle
45%
61Filius Flitwick
43%
155Dean Thomas
42%
55Argus Filch
41%
179Oliver Wood
39%
57Seamus Finnigan
39%
90Gilderoy Lockhart
38%
23Crabbe
36%
147Horace Slughorn
36%
153Pomona Sprout
36%
44Aberforth Dumbledore
33%
63Cornelius Fudge
33%
148Salazar Slytherin
33%
96Xenophilius Lovegood
33%
79Helga Hufflepuff
32%
132Quirinus Quirrell
32%
29Barty Crouch Jr
31%
115Garrick Ollivander
31%
13Lavender Brown
31%
75Godric Gryffindor
28%
116Pansy Parkinson
28%
160Sybill Trelawney
28%
73Gellert Grindelwald
26%
117Padma Patil
26%
118Parvati Patil
26%
77Rolanda Hooch
26%
28Barty Crouch Sr
25%
167Moaning Myrtle
25%
112Fast Kopfloser Nick
23%
124Poppy Pomfrey
23%
80Angelina Johnson
22%
72Fenrir Greyback
21%
83Igor Karkaroff
21%
103Olympe Maxime
21%
134Rowena Ravenclaw
21%
46Ariana Dumbledore
20%
181Blaise Zabini
20%
50Marge Dursley
20%
145Rita Skeeter
20%
128Albus Severus Potter
19%
142Kingsley Shacklebolt
19%
120Peeves
18%
91Alice Longbottom
17%
39Amos Diggory
17%
93Frank Longbottom
17%
1Hanna Abott
17%
54Arabella Figg
16%
3Bathilda Bagshot
15%
4Blutiger Baron
15%
25Colin Creevey
15%
81Lee Jordan
15%
59Mundungus Fletcher
15%
11Susan Bones
15%
159Ted Tonks
15%
152Alicia Spinnet
14%
133Helena Ravenclaw
14%
60Marcus Flint
14%
106Cormac McLaggen
13%
129James Sirius Potter
13%
130Lily Luna Potter
13%
2Ludo Bagman
13%
138Madam Rosmerta
13%
157Andromeda Tonks
12%
43Antonin Dolohov
12%
58Nicolas Flamel
12%
104Ernie Macmillan
11%
35Gabrielle Delacour
11%
141Rufus Scrimgeour
11%
149Zacharias Smith
11%
26Dennis Creevey
10%
31Graue Dame
10%
69Gregory Goyle
10%
24Vincent Crabbe
10%
92Augusta Longbottom
9%
180Corban Yaxley
9%
7Cuthbert Binns
9%
108Fetter Mönch
9%
64Marvolo Gaunt
9%
36Mr Delacour
9%
89Rodolphus Lestrange
9%
164Romilda Vane
9%
16Alecto Carrow
8%
56Justin Finch-Fletchley
8%
47Kendra Dumbledore
8%
78Mafalda Hopfkirk
8%
65Merope Gaunt
8%
143Stan Shunpike
8%
111Tante Muriel
8%
113Theodore Nott
8%
74Wilhelmina Grubbly-Plank
8%
10Amelia Bones
7%
17Amycus Carrow
7%
137Augustus Rookwood
7%
144Aurora Sinistra
7%
38Dedalus Diggle
7%
20Penelope Clearwater
7%
48Percival Dumbledore
7%
88Rabastan Lestrange
7%
12Terry Boot
7%
98Walden Macnair
7%
67Anthony Goldstein
6%
131Eileen Prince
6%
42Elphias Doge
6%
71Gregorovitch
6%
122Irma Pince
6%
102Madam Malkin
6%
22Michael Corner
6%
66Morfin Gaunt
6%
154Pius Thicknesse
6%
151Tobias Snape
6%
41Armando Dippet
5%
82Bertha Jorkins
5%
14Charity Burbage
5%
15Frank Bryce
5%
53Marietta Edgecombe
5%
165Septima Vector
5%
140Albert Runcorn
4%
163Emmeline Vance
4%
62Florean Fortescue
4%
5Marcus Belby
4%
8Phineas Nigellus Black
4%
18Reginald Cattermole
4%
85Silvanus Kettleburn
4%
33Apolline Delacour
3%
114Bob Ogden
3%
168Celestina Warbeck
3%
136Demelza Robins
3%
27Dirk Cresswell
3%
109Graham Montague
3%
146Jack Sloper
3%
119Jimmy Peaks
3%
32John Dawlish
3%
21Ritchie Coote
3%
37Sir Patrick Delaney-Podmore
3%
123Sturgis Podmore
3%
139Thorfinn Rowle
3%
86Andrew Kirke
2%
30Barnabas Cuffe
2%
107Eloise Midgen
2%
178Klagende Witwe
2%
161Wilkie Twycross
2%

Verteilung der Resultate

Perzentil nach korrekt beantworteten Fragen

Anzahl Personen mit jedem Resultat

Ihre Resultats-Entwicklung

Sie haben dieses Quiz seit der letzten Aktualisierung nicht gespielt